<?xml version="1.0" encoding="UTF-8"?>
<collection xmlns="http://www.loc.gov/MARC21/slim">
<record>
  <controlfield tag="001">163080</controlfield>
  <controlfield tag="005">20260203141948.0</controlfield>
  <datafield tag="037" ind1=" " ind2=" ">
    <subfield code="a">NORMAS-2025-010</subfield>
  </datafield>
  <datafield tag="245" ind1=" " ind2=" ">
    <subfield code="a">Equipo de Gobierno: estructura, composición, funcionamiento, delegación de competencias.</subfield>
  </datafield>
  <datafield tag="260" ind1=" " ind2=" ">
    <subfield code="a">Zaragoza</subfield>
    <subfield code="b">Consejo de Gobierno de la Universidad de Zaragoza</subfield>
    <subfield code="c">2025-04-25</subfield>
  </datafield>
  <datafield tag="653" ind1="1" ind2=" ">
    <subfield code="a">Órganos colegiados</subfield>
  </datafield>
  <datafield tag="856" ind1="0" ind2=" ">
    <subfield code="f">bsetuain@unizar.es</subfield>
  </datafield>
  <datafield tag="856" ind1="4" ind2=" ">
    <subfield code="s">395090</subfield>
    <subfield code="u">http://zaguan.unizar.es/record/163080/files/Estructura%2C%20composici%C3%B3n%2C%20delegaci%C3%B3n%2C%20funcionamiento%20Equipo%20de%20Gobierno.pdf</subfield>
    <subfield code="y">Estructura, composición, funcionamiento, delegación Equipo de Gobierno</subfield>
  </datafield>
  <datafield tag="980" ind1=" " ind2=" ">
    <subfield code="a">NORMAS</subfield>
  </datafield>
</record>
</collection>